Funkcionalita obalov a udržateľnosť
Vychádzanie z chápania základných funkcií obalov a z dokumentu "Transformujeme náš svet: Agenda 2030 pre udržateľný rozvoj", ktorý určuje všeobecný rámec pre krajiny sveta, ako dosiahnuť udržateľný rozvoj do roku 2030. Identifikovanie väzieb medzi obalmi a balením a hlavnými cieľmi Agendy 2030.
Saved in:
| Main Author: | |
|---|---|
| Other Authors: | |
| Format: | Book Chapter |
| Language: | Slovak |
| Subjects: | |
| Tags: |
No Tags, Be the first to tag this record!
|
MARC
| LEADER | 00000naa$a2200000$$$4500 | ||
|---|---|---|---|
| 001 | 0305883 | ||
| 005 | 20260116084122.6 | ||
| 041 | 0 | |a slo | |
| 044 | |a SK | ||
| 245 | 1 | 0 | |a Funkcionalita obalov a udržateľnosť |c Jozef Gajdoš, Pavol Andrejovský |
| 520 | |a Vychádzanie z chápania základných funkcií obalov a z dokumentu "Transformujeme náš svet: Agenda 2030 pre udržateľný rozvoj", ktorý určuje všeobecný rámec pre krajiny sveta, ako dosiahnuť udržateľný rozvoj do roku 2030. Identifikovanie väzieb medzi obalmi a balením a hlavnými cieľmi Agendy 2030. | ||
| 610 | 2 | 0 | |a obaly |
| 610 | 2 | 0 | |a udržateľnosť |
| 610 | 2 | 0 | |a rozvoj hospodársky |
| 610 | 2 | 0 | |a Európska únia |
| 610 | 2 | 0 | |a svet |
| 100 | 1 | |a Gajdoš, Jozef, 1962-2025 | |
| 700 | 1 | |a Andrejovský, Pavol, 1975- | |